|
|
|
|
| LEADER |
01217nam a22002537a 4500 |
| 001 |
AAL7979 |
| 003 |
BD-DhAAL |
| 005 |
20160309112724.0 |
| 008 |
160309m20121996bg ||||| |||| 001 0 mul d |
| 040 |
|
|
|a BD-DhAAL
|c BD-DhAAL
|
| 082 |
|
|
|a 170
|
| 100 |
|
|
|a সিঙ্গার, পিটার
|9 18398
|
| 245 |
|
|
|a ব্যবহারিক নীতিবিদ্যা /
|c পিটার সিঙ্গার, অনুবাদ ড. প্রদীপ রায়
|
| 250 |
|
|
|a পরিবর্ধিত ও পরিমার্জিত তৃতীয় সংস্করন
|
| 260 |
|
|
|a ঢাকা :
|b অবসর প্রকাশন,
|c 2012
|
| 300 |
|
|
|a ২৭১ পৃ. ;
|c ২২ সে.মি.
|
| 500 |
|
|
|a Includes index.
|
| 541 |
|
|
|e 7979
|
| 650 |
|
|
|a Ethics
|9 18399
|
| 852 |
|
|
|a Savar Campus Library
|c General Shelf
|
| 942 |
|
|
|2 ddc
|c BK
|
| 999 |
|
|
|c 37061
|d 37061
|
| 952 |
|
|
|0 0
|1 0
|2 ddc
|4 0
|6 170_000000000000000_SIN
|7 0
|9 58309
|a SCL
|b SCL
|c GEN
|d 2016-03-09
|g 300.00
|l 5
|o 170 SIN
|p 3020007979
|r 2022-06-04
|s 2022-05-30
|t 1
|w 2016-03-09
|y BK
|
| 952 |
|
|
|0 0
|1 0
|2 ddc
|4 0
|6 170_000000000000000_SIN
|7 0
|9 58440
|a SCL
|b SCL
|c GEN
|d 2016-03-19
|g 300.00
|l 1
|o 170 SIN
|p 3020007978
|r 2022-04-02
|s 2022-04-01
|t 2
|w 2016-03-19
|y BK
|